Statistiken für DEL Kader Fischtown Pinguins 2021/22

Klicken Sie hier um das Quiz zu spielen!

Allgemein

  • Dieses Quiz wurde 6 mal gespielt
  • Das Durchschnittsergebnis liegt bei 8 aus 26

Antwortstatistiken

HintAntwort% Korrekt
F 09Jan Urbas
80%
F 91Miha Verlic
80%
F 26Dominik Uher
60%
F 13Ziga Jeglic
60%
F 57Alex Friesen
40%
D 15Gregory Kreutzer
40%
D 55Mike Moore
40%
F 14Ross Mauermann
40%
F 40Tim Lutz
40%
D 32Anders Krogsgaard
20%
G 31Brandon Maxwell
20%
F 65Christian Wejse
20%
F 10Filip Reisnecker
20%
G 30Jonte Flügge
20%
F 37Markus Vikingstad
20%
G 56Maximilian Franzreb
20%
F 79Mitch Wahl
20%
F 48Niklas Andersen
20%
F 08Nino Kinder
20%
D 50Patch Alber
20%
D 21Reid McNeill
20%
D 20Simon Stowasser
20%
D 67Stanislav Dietz
20%
F 19Tamas Kanya
20%
F 16Tye McGinn
20%
D 22Vladimir Eminger
20%

Verteilung der Resultate

Perzentil nach korrekt beantworteten Fragen

Anzahl Personen mit jedem Resultat

Ihre Resultats-Entwicklung

Sie haben dieses Quiz noch nicht gespielt